书目信息 |
| 题名: |
鲜于枢书法选
|
|
| 作者: | 鲜于枢 书 | |
| 分册: | ||
| 出版信息: | 深圳 海天出版社 1992 |
|
| 页数: | 57页 | |
| 开本: | 26cm | |
| 丛书名: | 中国历代书法名作系列丛书 | |
| 单 册: | ||
| 中图分类: | J292.25 | |
| 科图分类: | ||
| 主题词: | 法帖--中国--元代--选集 | |
| 电子资源: | ||
| ISBN: | 978-7-80542-355-5 | |
| 000 | 00818nam2 2200253 450 | |
| 001 | 0100374234 | |
| 005 | 20130730104331.0 | |
| 010 | @a978-7-80542-355-5@dCNY3.15 | |
| 100 | @a20021005d1992 em y0chiy0110 ea | |
| 101 | 0 | @achi |
| 102 | @aCN@b440000 | |
| 105 | @ay z 000yy | |
| 106 | @ar | |
| 200 | 1 | @a鲜于枢书法选@9Xian Yu Shu Shu Fa Xuan @f(元)鲜于枢书@g中国历代书法名作系列丛书编辑组编@b专著 |
| 210 | @a深圳@c海天出版社@d1992 | |
| 215 | @a57页@d26cm | |
| 225 | 2 | @a中国历代书法名作系列丛书 |
| 330 | @a本书所选《御史箴》、《行书跋》、《海棠诗》,为鲜体代表作。 | |
| 410 | 0 | @12001 @a中国历代书法名作系列丛书 |
| 606 | 0 | @a法帖@y中国@z元代@x选集 |
| 690 | @aJ292.25@v3 | |
| 701 | 0 | @c(元)@a鲜于枢@f(1257~1302)@9xian yu shu@4书 |
| 801 | 0 | @aCN@bAiZhiMarc@c19920513 |
| 905 | @aBZT@dJ292.25@e6@f5@sJ292.25/6 | |
| 鲜于枢书法选/(元)鲜于枢书/中国历代书法名作系列丛书编辑组编.-深圳:海天出版社,1992 |
| 57页;26cm.-(中国历代书法名作系列丛书) |
| ISBN 978-7-80542-355-5:CNY3.15 |
| 本书所选《御史箴》、《行书跋》、《海棠诗》,为鲜体代表作。 |
| ● |
| 相关链接 |
|
|
|
正题名:鲜于枢书法选
索取号:J292.25/6
 
预约/预借
| 序号 | 登录号 | 条形码 | 馆藏地/架位号 | 状态 | 备注 |
| 1 | 2000117125 | 2000117125 | 旧书回溯/ [索取号:J292.25/6] | 在馆 | |
| 2 | 2000117126 | 2000117126 | 旧书回溯/ [索取号:J292.25/6] | 在馆 | |
| 3 | 2000117127 | 2000117127 | 旧书回溯/ [索取号:J292.25/6] | 在馆 | |
| 4 | 2000117128 | 2000117128 | 旧书回溯/ [索取号:J292.25/6] | 在馆 | |
| 5 | 2000117134 | 2000117134 | 旧书回溯/ [索取号:J292.25/6] | 在馆 |